000 00428nam a2200181Ia 4500
001 15357
005 20260306170150.0
008 260306t2010||||xx |||||||||||||| ||und||
041 _aESP
082 _a532.05
_bCH578
100 _aChung, T. J.
_eAUT
245 0 _aComputational fluid dynamics
260 _c2010
300 _axxii, 1034 páginas :
_c26 cm.
650 _aGEN
654 _aCCN
942 _cLIB
_dJUS
_fJUS
_2ddc
_n
999 _c15357
_d15357